000 00625nab#a2200217#c#4500
999 _c87693
_d87693
003 IEF
005 20191205173626.0
008 950704s1976 uuu|| #####0 b| |u
040 _aIEF
_cES-MaIEF
100 1 _aCano Simón, Trinidad
_98784
245 _aConsideraciones en torno a las reducciones de gasto público en Gran Bretaña
_c Trinidad Cano Simón
260 _c1976
650 4 _aGASTO PUBLICO
_944787
650 4 _aREDUCCION
_948220
650 4 _aCONTROL
_940745
650 4 _aREINO UNIDO
_948241
773 0 _tHacienda pública española
_w34570
_g40, p. 53-66
942 _2udc
942 _2udc